LEADER 01799nas 2200589-a 450 001 996199475703316 005 20230215213018.0 011 $a1472-6823 035 $a(OCoLC)48748079 035 $a(CKB)111032787578018 035 $a(CONSER)--2002243085 035 $a(DE-599)ZDB2091323-0 035 $a(MiFhGG)5QBF 035 $a(MiAaPQ)44656 035 $a(EXLCZ)99111032787578018 100 $a20020108a20019999 s-- - 101 0 $aeng 135 $aurcn||||||||| 181 $ctxt$2rdacontent 182 $cc$2rdamedia 183 $acr$2rdacarrier 200 00$aBMC endocrine disorders 210 $aLondon $cBioMed Central$d[2001]- 215 $a1 online resource 300 $aRefereed/Peer-reviewed 300 $aTitle from BioMed Central archive volume screen (viewed Feb. 15, 2002). 517 3 $aBioMed Central endocrine disorders 517 3 $aEndocrine disorders 531 $aBMC ENDOCR DISORD 531 $aBMC ENDOCR. DISORD 531 10$aBMC Endocr Disord 531 1 $aBMC endocr disord 606 $aEndocrine glands$xDiseases$vPeriodicals 606 $aEndocrine System Diseases 606 $aDiagnostic Techniques, Endocrine 606 $aEndocrinology$2ebps 606 $aEndocrine glands$xDiseases$2fast$3(OCoLC)fst00909726 608 $aPeriodical. 608 $aFulltext. 608 $aInternet Resources. 608 $aPeriodicals. 608 $aPeriodicals.$2fast 610 $aClinical Endocrinology 615 0$aEndocrine glands$xDiseases 615 12$aEndocrine System Diseases. 615 22$aDiagnostic Techniques, Endocrine. 615 7$aEndocrinology. 615 7$aEndocrine glands$xDiseases. 906 $aJOURNAL 912 $a996199475703316 996 $aBMC endocrine disorders$91887842 997 $aUNISA